Statistics for Europe Capitals Quiz

Click here to take the quiz!

General Stats

  • This quiz has been taken 476,121 times
  • The average score is 31 of 45

Answer Stats

Country City % Correct
FranceParis
97%
ItalyRome
95%
GermanyBerlin
94%
United KingdomLondon
94%
SpainMadrid
91%
GreeceAthens
91%
RussiaMoscow
90%
IrelandDublin
90%
NorwayOslo
88%
NetherlandsAmsterdam
87%
AustriaVienna
86%
BelgiumBrussels
85%
PortugalLisbon
85%
Vatican CityVatican City
84%
PolandWarsaw
82%
DenmarkCopenhagen
82%
Czech RepublicPrague
81%
FinlandHelsinki
81%
HungaryBudapest
80%
LuxembourgLuxembourg
79%
SwedenStockholm
79%
MonacoMonaco
78%
SwitzerlandBern
75%
UkraineKiev
75%
IcelandReykjavík
73%
San MarinoSan Marino
72%
BulgariaSofia
71%
RomaniaBucharest
64%
BelarusMinsk
63%
CroatiaZagreb
62%
EstoniaTallinn
61%
LatviaRiga
60%
Bosnia and HerzegovinaSarajevo
57%
AlbaniaTirana
53%
SerbiaBelgrade
52%
SlovakiaBratislava
49%
LithuaniaVilnius
47%
MaltaValletta
46%
AndorraAndorra la Vella
46%
SloveniaLjubljana
43%
North MacedoniaSkopje
42%
LiechtensteinVaduz
40%
KosovoPristina
38%
MoldovaChișinău
33%
MontenegroPodgorica
32%

Score Distribution

Percentile by Number Answered

Percent of People with Each Score

Your Score History

You have not taken this quiz